La société française de 1945 à nos jours (notice n° 2198788)

détails MARC
000 -LEADER
fixed length control field 01368cam a2200133 4500500
005 - DATE AND TIME OF LATEST TRANSACTION
control field 20260405085605.0
041 ## - LANGUAGE CODE
Language code of text/sound track or separate title fre
042 ## - AUTHENTICATION CODE
Authentication code dc
100 10 - MAIN ENTRY--PERSONAL NAME
Personal name Verclytte, Valérie
Relator term author
245 00 - TITLE STATEMENT
Title La société française de 1945 à nos jours
260 ## - PUBLICATION, DISTRIBUTION, ETC.
Name of publisher, distributor, etc. Armand Colin,<br/>
Date of publication, distribution, etc. 2018.<br/>
520 ## - SUMMARY, ETC.
Summary, etc. Comment la société française a-t-elle évolué depuis les années d’après-Seconde Guerre mondiale ? Économiquement, culturellement, politiquement, démographiquement et sociologiquement, les mutations de son histoire ont été profondes. Cette synthèse revient sur ces thématiques en analysant point par point toutes ces transformations ainsi que leur impact sur les Français. Des « Trente Glorieuses » aux crises pétrolières et financières, de la désertification des campagnes à l’émergence des HLM et à la crise des banlieues, des changements sociopolitiques à la tertiarisation massive, du statut des femmes et des jeunes à la crise du modèle social, des bouleversements territoriaux à la citoyenneté 2.0, de la déchristianisation au multiconfessionnalisme, ce manuel questionne l’effectivité du modèle républicain issu de la Résistance jusqu’à parvenir au visage de la France d’aujourd’hui.
856 41 - ELECTRONIC LOCATION AND ACCESS
Uniform Resource Identifier <a href="https://shs.cairn.info/la-societe-francaise-de-1945-a-nos-jours--9782200613082?lang=fr&redirect-ssocas=7080">https://shs.cairn.info/la-societe-francaise-de-1945-a-nos-jours--9782200613082?lang=fr&redirect-ssocas=7080</a>

Pas d'exemplaire disponible.

PLUDOC

PLUDOC est la plateforme unique et centralisée de gestion des bibliothèques physiques et numériques de Guinée administré par le CEDUST. Elle est la plus grande base de données de ressources documentaires pour les Étudiants, Enseignants chercheurs et Chercheurs de Guinée.

Adresse

627 919 101/664 919 101

25 boulevard du commerce
Kaloum, Conakry, Guinée

Réseaux sociaux

Powered by Netsen Group @ 2025